000 00906cam a22002894a 4500
999 _c2041
_d2041
001 12387040
003 OSt
005 20221011125307.0
008 000724s2000 enka f 001 0 eng
010 _a 2001339790
020 _a0333920767
035 _a(UkLWHE)b000071925
040 _aDLC
_cDLC
_dDLC
042 _apcc
050 0 0 _aHD30.215
_b.S95 2000
082 0 0 _a510 SWI 1997
_221
100 1 _aSwift, Louise,
_95295
245 1 0 _aQuantitative Methods for Business, Management and Finance
260 _aBasingstoke :
_bMacmillan Business,
_c2000.
300 _axiv, 861 p. :
_bill. ;
_c25 cm.
500 _aIncludes index.
650 0 _aBusiness research
_95296
650 0 _aBusiness statistics.
_95297
906 _a7
_bcbc
_corigres
_d2
_encip
_f20
_gy-gencatlg
942 _2z
_cSLOAN